000
00199 a2200097 4500
001
45570
100
_a
Saroyan, A
245
_a
Trio
260
_a
London
_b
Sidgwick Jackson
_c
090
_c
28732
_d
28732
942
_a
NUST-CAE
_c
M
_c
20816
999
_c
280643
_d
280643